000 01035nam a2200313 i 4500
001 bg
100 1 _aDZIERZGOWSKA, Irena
245 1 0 _aNauczyciel kontraktowy /
_cIrena Dzierzgowska przy współpr. autorskiej Marii Kotowskiej.
250 _aWyd. 2 popr.
260 _aWarszawa :
_b"Fraszka Edukacyjna",
_c2004.
300 _a40 s. ;
_c21 cm.
490 1 _aWspinaczka po stopniach awansu ;
_v2
500 _aWydanie uaktual., zgodne z nowelizacją Karty Nauczyciela z 15 lipca 2004 r.
504 _aBibliogr.
650 9 _aAwans
_xszkolnictwo
650 9 _aNauczyciele
_xprawo
_zPolska
_ystan na 2004 r.
650 9 _aNauczyciele
_xszkolenie
655 _aPoradniki
700 1 _aKOTOWSKA, Maria
830 _aWspinaczka po stopniach awansu ;
020 _a8388839055
040 _cBPK
041 0 _apol
080 _a371.123:349.2(438)
920 _a83-88839-05-5
942 _cKS
008 s pl f |000 0 pol
999 _c45113
_d45113
856 _uhttp://koha.tu.koszalin.pl/cgi-bin/koha/opac-detail.pl?biblionumber=45113
_yKatalog online BPK